Statistics for Black Panther: Wakanda Forever Quiz (SPOILERS)

Click here to take the quiz!

General Stats

  • This quiz has been taken 68 times
  • The average score is 11 of 15

Answer Stats

ActorRole% Correct
Letitia WrightShuri/Black Panther
100%
Michael B. JordanErik Killmonger
94%
Danai GuriraOkoye
94%
Lupita Nyong'oNakia
92%
Tenoch Huerta MejíaNamor
92%
Angela BassettRamonda
92%
Winston DukeM'Baku
90%
Dominique ThorneRiri Williams/Ironheart
85%
Martin FreemanEverett Ross
79%
Florence KasumbaAyo
65%
Mabel CadenaNamora
63%
Julia Louis-DreyfusValentina Allegra de Fontaine
55%
Michaela CoelAneka
52%
Alex LivinalliAttuma
45%
Divine Love Konadu-SunTouissant
40%

Score Distribution

Percentile by Number Answered

Percent of People with Each Score

Your Score History

You have not taken this quiz